| Tag |
First Indicator |
Second Indicator |
Subfields |
| LEADER |
00000cam a2200000 4500 |
| 001 |
in00000051792 |
| 005 |
20151007074018.0 |
| 008 |
780331s1771 enk 00010 eng c |
| 010 |
|
|
|a agr17000110
|
| 035 |
|
|
|a (OCoLC)03766134
|
| 035 |
|
|
|9 AAF0786AM
|
| 040 |
|
|
|a Library, U.S. Dept. of Agriculture
|c IWA
|d TXA
|d UtOrBLW
|
| 049 |
|
|
|a TXAM
|c [21173]
|
| 090 |
|
|
|a S509
|b .Y68
|
| 092 |
|
|
|a 630.9
|b Y68f
|
| 100 |
1 |
|
|a Young, Arthur,
|d 1741-1820.
|
| 245 |
1 |
4 |
|a The farmer's kalendar :
|b or, A monthly directory for all sorts of country business: containing, plain instructions for performing the work of various kinds of farms, in every season of the year. Respecting particularly the buying, feeding, and selling live stock. The whole culture of arable crops. The management of grasses. The conomical conduct of the farm, & c. /
|c By an experienced farmer.
|
| 264 |
|
3 |
|a London :
|b Printed for Robinson and Roberts, and J. Knox,
|c 1771.
|
| 300 |
|
|
|a 16 pages ., 399 pages ;
|c 21 cm.
|
| 336 |
|
|
|a text
|b txt
|2 rdacontent
|
| 337 |
|
|
|a unmediated
|b n
|2 rdamedia
|
| 338 |
|
|
|a volume
|b nc
|2 rdacarrier
|
| 650 |
|
0 |
|a Agriculture.
|
| 650 |
|
0 |
|a Agriculture
|z Great Britain.
|
| 999 |
|
|
|a MARS
|
| 999 |
f |
f |
|s 7a1dc83d-adec-3039-94a1-216f191353d2
|i a945bbc0-8848-3195-b223-0e049a575852
|t 0
|
| 952 |
f |
f |
|p noncirc
|a Texas A&M University
|b College Station
|c Cushing Memorial Library & Archives
|d Cushing: Rare Books (Does not check out)
|t 0
|e S509 .Y68
|h Library of Congress classification
|i unmediated -- volume
|m A14801057277
|
| 998 |
f |
f |
|a S509 .Y68
|t 0
|l Cushing: Rare Books (Does not check out)
|